Gender and management issues in education : (Record no. 6521)

MARC details
000 -LEADER
fixed length control field 00635nam a22002057a 4500
003 - CONTROL NUMBER IDENTIFIER
control field OSt
005 - DATE AND TIME OF LATEST TRANSACTION
control field 20200129130327.0
008 - FIXED-LENGTH DATA ELEMENTS--GENERAL INFORMATION
fixed length control field 200129b ||||| |||| 00| 0 eng d
020 ## - INTERNATIONAL STANDARD BOOK NUMBER
International Standard Book Number 185856087x
040 ## - CATALOGING SOURCE
Transcribing agency 040a
082 ## - DEWEY DECIMAL CLASSIFICATION NUMBER
Classification number 305.068
Item number GEN 1998
245 ## - TITLE STATEMENT
Title Gender and management issues in education :
Remainder of title an international perspective /
Statement of responsibility, etc. Pat Drake, Patricia Owen
260 ## - PUBLICATION, DISTRIBUTION, ETC. (IMPRINT)
Place of publication, distribution, etc. Staffordshire
Name of publisher, distributor, etc. Trentham Books
Date of publication, distribution, etc. 1998
300 ## - PHYSICAL DESCRIPTION
Extent xvi, 145p;
Dimensions 11 cm.
504 ## - BIBLIOGRAPHY, ETC. NOTE
Bibliography, etc Includes bibliographical references and index
650 ## - SUBJECT ADDED ENTRY--TOPICAL TERM
Source of heading or term Gender management
700 ## - ADDED ENTRY--PERSONAL NAME
Personal name Drake, Pat
9 (RLIN) 13391
700 ## - ADDED ENTRY--PERSONAL NAME
Personal name Owen, Patricia
9 (RLIN) 13392
942 ## - ADDED ENTRY ELEMENTS (KOHA)
Source of classification or shelving scheme Dewey Decimal Classification
Koha item type Open Shelf
Holdings
Withdrawn status Lost status Source of classification or shelving scheme Damaged status Not for loan Home library Current library Date acquired Source of acquisition Inventory number Total Checkouts Full call number Barcode Date last seen Price effective from Koha item type
    Dewey Decimal Classification     MUST Main Library MUST Main Library 29/01/2020 Donation 2005/23905   305.068 GEN 1998 2020-0220 29/01/2020 29/01/2020 Open Shelf